Harry's House - Harry Styles (Album) - Statistics

General Stats
  • This quiz has been taken 1,559 times
  • The average score is 12 of 13
Answer Stats
Harry's House % Correct
4. As It Was
96%
7. Matilda
96%
1. Music for a Sushi Restaurant
96%
5. Daylight
92%
3. Grapejuice
91%
6. Little Freak
91%
11. Satellite
91%
12. Boyfriends
90%
2. Late Night Talking
90%
9. Daydreaming
89%
10. Keep Driving
89%
13. Love of My Life
89%
8. Cinema
86%
No matching quizzes found
Score Distribution
Percent of People with Each Score
Percentile by Number Answered
Your Score History
You have not taken this quiz